00660nacaa22001457u 450000500170000000800410001704100080005811001220006624501230018824600230031126000090033430000290034350001190037265000230049120260518060744.0260518s1944 Pk |gggg||oooo 0 eeeengdd dd heng aGovernment of East Bengal,bDepartment: AppointmentcBranch: Constitution & Elections,dList No. 115,eB-Proceedings aBye-election in Dacca South East Muhammadan Constituency of the B.L.C. Vice Khan Bahadur Kazi Abdur Rashid, deceased.  aFile No. 4E-5/44 c1944 a53 p; cH-35 cm; W-22 cm aসচিবালয় রেকর্ডরুম সংগ্রহ (প্রথম পর্যায়)  aelection x Dacca